Pragmatic competence (Record no. 49315)
[ view plain ]
| 000 -LEADER | |
|---|---|
| fixed length control field | 01371nam a2200349Ia 4500 |
| 082 04 - DEWEY DECIMAL CLASSIFICATION NUMBER | |
| Classification number | 495.6/5 |
| 245 00 - TITLE STATEMENT | |
| Title | Pragmatic competence |
| 260 ## - PUBLICATION, DISTRIBUTION, ETC. (IMPRINT) | |
| Place of publication | New York ; |
| -- | Berlin : |
| Name of publisher | Mouton de Gruyter, |
| Year of publication | c2009. |
| 300 ## - PHYSICAL DESCRIPTION | |
| Number of Pages | xxi, 364 p. |
| 490 1# - SERIES STATEMENT | |
| Series statement | Mouton series in pragmatics ; |
| 650 #0 - SUBJECT ADDED ENTRY--TOPICAL TERM | |
| Topical Term | Japanese language |
| Topical Term | Japanese language |
| Topical Term | Pragmatics. |
| Topical Term | Communicative competence. |
| 700 1# - ADDED ENTRY--PERSONAL NAME | |
| Personal name | Taguchi, Naoko, |
| 856 40 - ELECTRONIC LOCATION AND ACCESS | |
| Uniform Resource Identifier | http://site.ebrary.com/lib/rucke/Doc?id=10343381 |
No items available.
